00494 2200169 4500001002100000005001500021035002000036008004100056245008500097100001900182260004100201300001400242020001800256084002000274082001000294990002000304INLIS00000000000005020240921114401 a0010-0824000050240921 0 ind 1 aEtika Profesi Psikologi Profetik :bPerspektif Psikologi Islami /cYadi Purwanto aPurwanto, Yadi aBandung :bPT. Refika Aditama,c2007 a184 ;c24 a979-1073-36-8 a174.9 PUR E C.1 a174.9 a230221100000051